| 000 | 00775nam a2200193 i 4500 | ||
|---|---|---|---|
| 001 | 189124 | ||
| 003 | ES-MaACL | ||
| 005 | 20231226162525.0 | ||
| 008 | 190403s1993 sp |||| | spa d | ||
| 245 | 0 | 0 |
_aMéndez Nuñez y su proyección histórica : _bciclo de conferencias, octubre 1993. |
| 260 |
_aMadrid : _bInstituto de Historia y Cultura Naval, _c1993. |
||
| 300 |
_a84 p. : _bil. ; _c24 cm. |
||
| 490 | 1 |
_aCuadernos monográficos del Instituto de Historia y Cultura Naval ; _v22 |
|
| 600 | 1 | 7 |
_aMéndez Núñez, Casto, _d1824-1869 _2 _9141584 |
| 710 | 2 |
_aInstituto de Historia y Cultura Naval (Madrid) _94957 |
|
| 830 | 1 |
_aCuadernos monográficos del Instituto de Historia y Cultura Naval ; _v22 _9193258 |
|
| 852 |
_aES-MaACL _j2339-F-21 |
||
| 999 |
_c189124 _d189124 |
||